000 00221nam a2200109 4500
082 _aMIL
100 _aMiller
245 _aProgramming by Design
260 _aUSA:
_bMcGraw-Hill,
_c1989.
300 _a687p. ;
942 _cBK
999 _c10130
_d10130